| 000 | 00801nam a2200229Ia 4500 | ||
|---|---|---|---|
| 999 |
_c5532 _d5532 |
||
| 003 | OSt | ||
| 005 | 20200623153219.0 | ||
| 008 | 191128s1944 sp gr 000 0 spa d | ||
| 040 |
_aCO-JMCR _cCO-JMCR |
||
| 041 | 1 |
_aspa _hnds |
|
| 082 | 0 | 4 |
_a330 .1542 / _bF732s _223 |
| 100 | 1 |
_aList, Friedrich, _eautor _96020 |
|
| 245 | 1 | 0 |
_aSistema nacional de economía política / _cFriedrich List ; traducción y prólogo de Miguel Paredes Marcos |
| 260 |
_aMadrid : _bAguilar, _c1944. |
||
| 300 |
_axxiv, 298 páginas ; _c20 cm. |
||
| 505 | 0 | _aLa historia -- La teoría -- Los sistemas -- La política | |
| 546 | _aTraducido del alemán | ||
| 650 | 1 | 4 |
_aEconomía política _96021 |
| 650 | 2 | 4 |
_aHistoria _xSistemas económicos _96022 |
| 700 | 1 |
_aParedes Marcos, Miguel, _etraductor _94515 |
|
| 942 |
_2ddc _cBK |
||